|
|
|
|
| LEADER |
01037nam a2200265 a 4500 |
| 001 |
3540521 |
| 008 |
091025s1996 pk b 001 0 eng d |
| 010 |
|
|
|a \\\96930286
|
| 040 |
|
|
|a DLC
|c DLC
|
| 082 |
0 |
0 |
|a 342.5491/023
|2 21
|
| 110 |
1 |
|
|a Pakistan.
|
| 240 |
1 |
0 |
|a Constitution (1973)
|
| 245 |
1 |
0 |
|a Constitution of the Islamic Republic of Pakistan, 1973 /
|c by Shaukat Mahmood, Nadeem Shaukat.
|
| 250 |
|
|
|a 3rd rev. and enl. ed.
|
| 260 |
|
|
|a Lahore :
|b Legal Research Centre,
|c 1996.
|
| 300 |
|
|
|a xiii, 1287 p. ;
|c 24 cm.
|
| 504 |
|
|
|a Includes bibliographical references and index.
|
| 541 |
1 |
|
|e 00010435
|
| 650 |
|
0 |
|a Constitutions
|z Pakistan.
|
| 650 |
|
0 |
|a Constitutional law
|z Pakistan.
|
| 700 |
1 |
|
|a Mahmood, Shaukat.
|
| 700 |
1 |
|
|a Shaukat, Nadeem.
|
| 852 |
4 |
|
|a Ayesha Abed Library
|j General shelf
|
| 999 |
|
|
|c 4826
|d 4826
|
| 952 |
|
|
|0 0
|1 0
|2 ddc
|4 0
|6 342_549102300000000_CON_1996
|7 0
|9 4647
|a BRACUL
|b BRACUL
|c GEN
|d 2009-10-25
|g 0.00
|l 1
|o 342.5491023 CON
|p 3010010435
|r 2018-04-16
|s 2018-04-11
|t 1
|w 2009-10-25
|y BK
|x No price found in the accession register.
|